000 00431nam a2200181Ia 4500
001 13789
005 20260306164827.0
008 260306t2010||||xx |||||||||||||| ||spa||
041 _aESP
082 _a005.133
_bW74
100 _aWitten, Ian H.
_eAUT
245 0 _aHow to build a digital library
260 _c2010
300 _axxiii, 629 páginas :
_c23 cm.
650 _aGEN
654 _aCCC
942 _cLIB
_dJUS
_fJUS
_2ddc
_n
999 _c13789
_d13789